• 首页
  • 本馆介绍
  • 公告通知
  • 最新文献
  • 馆藏检索
  • 电子资源
  • 读者导购
  • 参考咨询
  • 我的图书馆
  • 登录
  • 详细信息显示
  • 放入我的书架
  • 预约/预借图书
  • 作者相关作品
  • 分类相关作品
  • 丛书相关作品
  • 出版社相关作品

书目信息

  • 表格格式
  • 工作单格式
  • 卡片格式
题名:
教育与永恒
    
 
作者: 李政涛 著
分册:  
出版信息: 上海   华东师范大学出版社  2019.07
页数: 20, 261页
开本: 19cm
丛书名: 大夏书系·名家谈教育
单 册:
中图分类: G40-02
科图分类:
主题词: 教育哲学--jiao yu zhe xue--文集
电子资源:
ISBN: 978-7-5675-9217-9
000 01275nam 2200277 450
001 0105143321
005 20201105143350.0
010    @a978-7-5675-9217-9@b精装@dCNY45.00
100    @a20190921e20202019em y0chiy50 ea
101 0  @achi
102    @aCN@b310000
105    @ay z 000yy
106    @ar
200 1  @a教育与永恒@Ajiao yu yu yong heng@dEducation and eternity@f李政涛著@zeng
210    @a上海@c华东师范大学出版社@d2019.07@h2020.07
215    @a20, 261页@d19cm
225 2  @a大夏书系·名家谈教育@Ada xia shu xi ming jia tan jiao yu@v1
314    @a李政涛,教育部长江学者特聘教授。2015年入选国家百千万人才工程,并授予“有突出贡献中青年专家”荣誉称号,国务院政府特殊津贴获得者。华东师范大学教育学系教授、博士生导师。现任全国教育基本理论专业委员会主任委员。
330    @a本书以诗性的感悟,直觉的捕捉,自问自答式的内心独白和质疑,探寻教育、人、永恒之间的关系。从人生中的教育、时代中的教育、空间中的教育、社会中的教育到家庭中的教育、技术中的教育、终身教育,涉及面广,泛着思维的理性和哲学的碎思。
461  0 @12001 @a大夏书系·名家谈教育
510 1  @aEducation and eternity@zeng
606 0  @a教育哲学@Ajiao yu zhe xue@j文集
690    @aG40-02@v5
701  0 @a李政涛@Ali zheng tao@4著
801  0 @aCN@bBJSZM@c20201105
905    @b1262602-5@dG40-02@e1153@f4
    
    教育与永恒=Education and eternity/李政涛著.-上海:华东师范大学出版社,2019.07(2020.07)
    20, 261页;19cm.-(大夏书系·名家谈教育;1)
    
    
    ISBN 978-7-5675-9217-9(精装):CNY45.00
    本书以诗性的感悟,直觉的捕捉,自问自答式的内心独白和质疑,探寻教育、人、永恒之间的关系。从人生中的教育、时代中的教育、空间中的教育、社会中的教育到家庭中的教育、技术中的教育、终身教育,涉及面广,泛着思维的理性和哲学的碎思。
●
相关链接 在E读中查询图书 在五车中查询图书 在当当中查询图书 在豆瓣中查询图书


正题名:教育与永恒     索取号:G40-02/1153         预约/预借

序号 登录号 条形码 馆藏地/架位号 状态 备注
1 1262602   212626023   第一样本阅览室/ [索取号:G40-02/1153] 在馆    
2 1262603   212626032   教育系资料室/ [索取号:G40-02/1153] 在馆    
3 1262604   212626041   教育系资料室/ [索取号:G40-02/1153] 在馆    
4 1262605   212626050   第四借阅区/ [索取号:G40-02/1153] 在馆    
唐山师范学院图书馆 欢迎您!
大连网信软件有限公司© 版权所有